History by Images - 'I' - Statistics

General Stats
  • This quiz has been taken 82 times
  • The average score is 11 of 16
Answer Stats
Picture Hint Answer % Correct
The Terrible Ivan
97%
His famous speech I have a dream
93%
Inhabitants of this place Inca
93%
English polymath Isaac Newton
93%
18th Century Revolution Industrial
91%
A Prussian military decoration Iron Cross
85%
Barrier first described by Churchill Iron Curtain
84%
One of the unifiers of Spain Isabella I
84%
19th state to join the Union Indiana
79%
Former Indian Prime Minister Indira Gandhi
79%
One of the deadliest WW2 battles Iwo Jima
70%
Invaded by Celts around 300 BCE Ireland
67%
Launched in 1998 International Space Station
61%
War of 1980 instigated by this person Iran-Iraq
37%
Assassinated with ___ ___ Ice Axe
16%
1000 BCE Asia Minor civilization Ionian
15%
No matching quizzes found
Score Distribution
Percent of People with Each Score
Percentile by Number Answered
Your Score History
You have not taken this quiz